000 00915cam a22003137a 4500
003 CHAP
005 20220329142626.0
008 020528d1978 mx r 00110 spa d
010 _a85792
011 _a86764
020 _a847017519X
035 _a97304
040 _cCHAP
082 0 4 _a863
_bD8
100 0 0 _aDuque, Aquilino.
_934530
245 1 4 _aLos agujeros negros
_c/por Aquilino Duque
260 _aBarcelona, ;
_bArgos,
_c1978.
300 _a257 p.
590 _aBATCH-UPD
_b10
_c20130109
_lUCH01
_h2351
590 _aBATCH-UPD
_b10
_c20130110
_lUCH01
_h0720
590 _aBATCH-UPD
_b10
_c20130409
_lUCH01
_h1923
590 _aBATCH-UPD
_b10
_c20130914
_lUCH01
_h1223
590 _aCONVERSION
_b10
_c20130109
_lUCH01
_h1348
650 1 4 _aNovela espaƱola.
_982018
901 _aBK
905 _aMayto Villalobos S.
942 _cLIBRO
949 _a863 D8
_bBC
_cLIBRO
_d33724000851218
_eLIBRO
_h102587
_i97304
_si
999 _c85792
_d85792